Albums by Cover Art - Post Hardcore - Statistics

General Stats
  • This quiz has been taken 167 times
    97 since last reset
  • The average score is 8 of 20
Answer Stats
Picture Answer % Correct
At the Drive-In - Relationship of Command
64%
Title Fight - Shed
60%
Fugazi - The Argument
58%
The Fall of Troy - Doppelgänger
51%
Hüsker Dü - Zen Arcade
49%
Refused - The Shape of Punk to Come
49%
Orchid - Chaos Is Me
44%
La Dispute - Wildlife
43%
Minutemen - Double Nickels on the Dime
43%
The Mars Volta - De-Loused in the Comatorium
43%
Drive Like Jehu - Yank Crime
42%
Big Black - Atomizer
41%
Helmet - Meantime
40%
Unwound - Repetition
36%
Glassjaw - Worship and Tribute
35%
Thursday - Full Collapse
33%
NoMeansNo - Wrong
32%
Thrice - The Artist in the Ambulance
28%
mclusky - Mclusky Do Dallas
15%
mewithoutYou - Brother, Sister
9%
No matching quizzes found
Score Distribution
Percent of People with Each Score
Percentile by Number Answered
Your Score History
You have not taken this quiz since the last reset